LDR 00753naa#a2200217#i#450# 001 EN\\bibl\119893 005 20260607051224.7 011 ## _a2500-4026 100 ## _a20190331b2019####ek#y0engy0150####ca 101 0# _aRUS 102 ## _aRU 200 1# _aFIRE RISK INDEPENDENT ESTIMATION AUTOMATION ALTERNATIVE APPROACH _eJournal article 210 1# _aZheleznogorsk _cFSBEE HE Siberian Fire and Rescue Academy EMERCOM of Russia _d2019 215 ## _a5 с. 608 ## _aJournal article _2local 675 ## _aПредотвращение несчастных случаев. Защита и безопасность. 614.8.084 _zRUS 700 #1 _aVorobev _gO YU 700 #1 _aKrekhov _gA A 700 #1 _aKlochkov _gS V 700 #1 _aMinkin _gA N 856 4# _aapbt-sibpsa.editorum.ru _u